| 000 | 01245naa a22003617a 4500 | ||
|---|---|---|---|
| 001 | BR8804241 | ||
| 003 | BR-BrBNA | ||
| 005 | 20240918180245.0 | ||
| 007 | ta | ||
| 008 | 230509b bl.||||| |||| 00| 0 por d | ||
| 040 |
_aBR-BrBNA _bpor _cBiblioteca Nacional de Agricultura |
||
| 041 | _a(Pt) | ||
| 072 |
_aE70; E16; F03 _b0210 _b3575 _bG514 |
||
| 090 | _aE70 BR8804241 | ||
| 100 | 1 | _aMiranda Filho, H.S. | |
| 100 | 1 | _aGranja, N.P. | |
| 100 | 1 | _aDias, J.A.C. de S. | |
| 100 | 1 | _aRamos, V.J. | |
| 111 | 1 |
_a1. Seminario Paulista de Sementes e Mudas _cSao Paulo, SP (Brazil) _d10-12 Dec 1984 |
|
| 245 | 1 | _aSementes basicas de batata-semente [Certificacao de semente, Sao Paulo] | |
| 260 | 3 |
_aSao Paulo, SP (Brasil): _c1984. |
|
| 500 | _aAnais do 1. Seminario Paulista de Sementes e Mudas Sao Paulo, SP (Brasil): 1984. p. 159-200 (BR8804241-AM)E70 | ||
| 650 | _aBATATA SEMENTE | ||
| 650 | _aPRODUCAO | ||
| 650 | _aRENDIMENTO | ||
| 650 | _aDEFESA VEGETAL | ||
| 650 | _aINSPECAO SANITARIA | ||
| 650 | _aIMPORTACAO | ||
| 650 | _aSAO PAULO | ||
| 773 | 0 |
_tAnais do 1. Seminario Paulista de Sementes e Mudas _wE70 BR8804241 _gSao Paulo, SP (Brasil), 1984. p. 159-200 |
|
| 909 |
_a202404 _bLucia _c55 _dLucia Elande |
||
| 942 |
_cAM _2AGRIS |
||
| 999 |
_c319481 _d319481 |
||